00718nam a2200241 a 4500001001300000003000900013005001700022008004100039020002300080082001800103100002200121245005100143260003400194300000900228500003500237505001000272650002100282700002200303902000800325942000700333952011900340999001700459nice12345678IN_TiNIC20260116014209.0100111s2007 dela grp 000 0 eng  a9788176258074c90000a809.0954bBAR aBarbuddhe, Satish aIndian Literature in Englilshb Critical Views aDelhi bSarup and Sons c2007 a419p aincludes index and biblioraphy2 aIndex aLiterature-India1 aBarbuddhe, Satish bSRS cBK 001040708StackRoom-aHMIbHMId2010-01-11g900.00l0o809.0954 BARp023093r2010-01-11v900.00w2010-01-11yBK c14282d14282